Movies by Wealthy Character Quiz Stats

 Plays Quiz Updated Jul 5, 2017

Support Sporcle.
Go Orange.
Score 0/24 Timer 07:00
2 Plays Today
% Correct
Forrest Gump
97.2%
The Avengers
96.3%
Jurassic Park
89.5%
Austin Powers: International Man of Mystery
87.6%
The Devil Wears Prada
87.5%
The Aviator
80.4%
Ri¢hie Ri¢h
79.9%
Willy Wonka & the Chocolate Factory
79.3%
Scarface
79.3%
Pretty Woman
79.2%
Wall Street
77.3%
Titanic
77%
% Correct
101 Dalmatians
76%
Coming to America
75.9%
The Princess Diaries
74.8%
Clueless
71.6%
American Psycho
65.2%
Basic Instinct
63.7%
The Dictator
60.8%
Mr. Deeds
58.4%
Notting Hill
56.1%
Citizen Kane
52.5%
Marie Antoinette
45%
The Talented Mr. Ripley
32.9%

You're not logged in!

Compare scores with friends on all Sporcle quizzes.
OR
Log In
Forgot?

From the Vault

Big 4 Sports Teams on TV Shows

by Noldeh

Even TV characters like to hop on a bandwagon every now and then.
Remove Ads.
Support Sporcle.
Get the best of Sporcle when you Go Orange. This ad-free experience offers more features, more stats, and more fun while also helping to support Sporcle. Thank you for becoming a member.

Show Comments

Extras

Top Quizzes Today


Score Distribution

Your Account Isn't Verified!

In order to create a playlist on Sporcle, you need to verify the email address you used during registration. Go to your Sporcle Settings to finish the process.

Report this User

Report this user for behavior that violates our Community Guidelines.

Details: